La vida en el mar (Record no. 127928)

MARC details
000 -LEADER
campo de control de longitud fija 00671nam a2200181 i 4500
001 - NÚMERO DE CONTROL
campo de control 127928
003 - IDENTIFICADOR DE NÚMERO DE CONTROL
campo de control ES-MaACL
005 - FECHA Y HORA DE LA ÚLTIMA TRANSACCIÓN
campo de control 20230906193124.0
007 - CAMPO FIJO DE DESCRIPCIÓN FÍSICA--INFORMACIÓN GENERAL
campo de control de longitud fija t|
008 - DATOS DE LONGITUD FIJA--INFORMACIÓN GENERAL
campo de control de longitud fija 070214s1925 sp r ||||1| spa d
100 1# - ENTRADA PRINCIPAL--NOMBRE DE PERSONA
Nombre de persona Rioja Lo Bianco, Enrique.
9 (RLIN) 97350
245 13 - MENCIÓN DEL TÍTULO
Título La vida en el mar
Resto del título : primera parte, la vida de los animales de la costa /
Mención de responsabilidad, etc. Enrique Rioja.
260 ## - PUBLICACIÓN, DISTRIBUCIÓN, ETC.
Lugar de publicación, distribución, etc. Madrid :
Nombre del editor, distribuidor, etc. Junta para Ampliación de Estudios e Investigaciones Científicas,
Fecha de publicación, distribución, etc. 1925.
300 ## - DESCRIPCIÓN FÍSICA
Extensión X, 158 p., 3 lám. :
Otras características físicas il. ;
Dimensiones 20 cm.
650 #4 - PUNTO DE ACCESO ADICIONAL DE MATERIA--TÉRMINO DE MATERIA
Término de materia o nombre geográfico como elemento de entrada Fauna costera.
9 (RLIN) 165476
710 2# - ENTRADA AGREGADA--NOMBRE DE ENTIDAD CORPORATIVA
Nombre de entidad corporativa o nombre de jurisdicción como elemento de entrada Junta para la Ampliación de Estudios e Investigaciones Científicas.
9 (RLIN) 5413
852 ## - LOCALIZACIÓN
Ubicación ES-MaACL
Número de control de estantería B-13222
Holdings
Estatus retirado Estado de pérdida Estado de daño No para préstamo Biblioteca de origen Biblioteca actual Ubicación en estantería Fecha de adquisición Fuente de adquisición Total de préstamos Signatura topográfica completa Código de barras Visto por última vez Precio de reemplazo Tipo de ítem Koha
        Biblioteca del Ateneo de Madrid Biblioteca del Ateneo de Madrid Sala Pardo Bazán 17/01/2008     B-13222 1133242 23/02/2023 23/02/2023 Libro impreso